000 01052cam a22002651i 4500
003 SA-RiAUC
005 20250928082938.0
008 250810s2003 ua g 000 0 ara c
040 _aJO-IrYU
_bara
_cSA-RiAUC
_erda
050 1 4 _b.F35 2003
082 0 4 _a255.4
090 _a255.4
_bف ت ا
245 0 2 _aالفتاوى المضيئات في حكم الدخان والشمة والقات /
_cجامع المضيئات زيد بن محمد بن هادي المدخلي.
264 1 _aالقاهرة :
_bدار المنهاج،
_c2003
300 _a71 صفحة ؛
_c24 سم
336 _aنص
_btxt
_2rdacontent
_3كتاب
337 _aبدون وسيط
_bn
_2rdamedia
338 _aمجلد
_bnc
_2rdacarrier
650 7 _aالمخدرات (فقه إسلامي)
_2aucsh
650 7 _aالتدخين (فقه إسلامي)
_2aucsh
650 7 _aالقات
_2aucsh
700 1 _aالمدخلي، زيد بن محمد بن هادي،
_d1357-1435 هجري
_eجامع.
942 _2ddc
_cBOOK
_n0
949 _aSA-JeALM
_d250810
_umohamedma123
_n1
999 _c12142
_d12142